Southville International School and Colleges
Your cart is empty.
  • Cart
  • Lists
    Public lists Eva Luna New books Lux_list list_1
    Your lists Log in to create your own lists
  • Log in to your account
  • Your cookies
  • Search history
Southville International School and Colleges
  • Advanced search
  • Recent comments
  • Most popular
  • Libraries

Log in to your account

Log in with GOOGLE


If you do not have an external account, but do have a local account, you can still log in:

  1. Home
  2. MARC view: Essentials of econometrics /
Normal view MARC view ISBD view

Essentials of econometrics / (Record no. 19273)

[ view plain ]
MARC details
000 -LEADER
fixed length control field 00565nam a2200205 a 4500
005 - DATE AND TIME OF LATEST TRANSACTION
control field 20140310183136.0
008 - FIXED-LENGTH DATA ELEMENTS--GENERAL INFORMATION
fixed length control field 020820s19uu xx 00 eng d
020 ## - INTERNATIONAL STANDARD BOOK NUMBER
International Standard Book Number 0073032654
050 ## - LIBRARY OF CONGRESS CALL NUMBER
Classification number HB 139
Item number .G85 1999
100 ## - MAIN ENTRY--PERSONAL NAME
Personal name Gujarati, Damodar
245 ## - TITLE STATEMENT
Title Essentials of econometrics /
Statement of responsibility, etc Damodar Gujarati
250 ## - EDITION STATEMENT
Edition statement 2nd ed.
260 ## - PUBLICATION, DISTRIBUTION, ETC. (IMPRINT)
Place of publication, distribution, etc Boston :
Name of publisher, distributor, etc Irwin/McGraw-Hill,
Date of publication, distribution, etc 1999.
300 ## - PHYSICAL DESCRIPTION
Extent xxv, 534 p. :
Other physical details ill. ;
Dimensions 25 cm.
521 ## - TARGET AUDIENCE NOTE
Target audience note
650 ## - SUBJECT ADDED ENTRY--TOPICAL TERM
Topical term or geographic name as entry element Econometrics
650 ## - SUBJECT ADDED ENTRY--TOPICAL TERM
Topical term or geographic name as entry element Economics
General subdivision statistical methods
942 ## - ADDED ENTRY ELEMENTS (KOHA)
Koha item type Books
Source of classification or shelving scheme Library of Congress Classification
Call number prefix Foreign
Holdings
Withdrawn status Lost status Source of classification or shelving scheme Damaged status Home library Current library Shelving location Date acquired Cost, normal purchase price Total Checkouts Full call number Barcode Date last seen Copy number Price effective from Koha item type
    Library of Congress Classification   College Library College Library General Circulation Section 08/20/2002 1245.00   HB 139 .G85 1999 C0060 05/15/2018 1 10/10/2013 Books

Essentials of econometrics /

APA

Gujarati D., . (1999). Essentials of econometrics. Boston: Irwin/McGraw-Hill.

Chicago

Gujarati Damodar, . 1999. Essentials of econometrics. Boston: Irwin/McGraw-Hill.

Harvard

Gujarati D., . (1999). Essentials of econometrics. Boston: Irwin/McGraw-Hill.

MLA

Gujarati Damodar, . Essentials of econometrics. Boston: Irwin/McGraw-Hill. 1999.

  • Place hold
  • Print
  • Cite
  • Add to your cart (remove)
  • Save record
    BIBTEX Dublin Core MARCXML MARC (non-Unicode/MARC-8) MARC (Unicode/UTF-8) MARC (Unicode/UTF-8, Standard) MODS (XML) RIS
  • More searches
    Search for this title in:
    Other Libraries (WorldCat) Other Databases (Google Scholar) Online Stores (Bookfinder.com) Open Library (openlibrary.org)

Exporting to Dublin Core...

SOUTHVILLE LIBRARY

Southville International School and Colleges Library

1281 Tropical Ave. Cor. Luxembourg St., BF Homes International, Las Pinas City

Tel. No. 8256374 / 252358 Loc. 117/146

Powered by Koha